| 000 | 00617nam a2200217Ia 4500 | ||
|---|---|---|---|
| 005 | 20250923145108.0 | ||
| 008 | 008 250917s9999 xx 000 0 eng d | ||
| 037 | _aTextual | ||
| 040 |
_aDSWL _beng _cDSWL |
||
| 041 |
_aeng _2eng |
||
| 084 |
_aY111;1:12, K2.3 _qDSWL |
||
| 100 |
_aKher, N. _9831749 |
||
| 245 | 0 |
_aIntroduction to child development _cby N. Kher |
|
| 260 |
_aBombay _bAsia Publiing House _c1962 |
||
| 300 | _aii,128 p. | ||
| 365 |
_aINR _b7 |
||
| 700 |
_aM.E. DurrettK. Bhoota _9831750 |
||
| 925 | _g7 | ||
| 942 |
_cTEXL _hY111;1:12, K2.3 |
||
| 999 |
_c1447023 _d1447023 |
||